Hybrid dynamical systems : controller and sensor switching problems

Αποθηκεύτηκε σε:
Λεπτομέρειες βιβλιογραφικής εγγραφής
Κύριος συγγραφέας: Savkin, Andrey V.
Άλλοι συγγραφείς: Evans, Robin J.
Μορφή: Βιβλίο
Γλώσσα:English
Δημοσίευση: Boston : Birkhauser, c2002
Σειρά:Control engineering (Birkhauser)
Θέματα:
Ετικέτες: Προσθήκη ετικέτας
Δεν υπάρχουν, Καταχωρήστε ετικέτα πρώτοι!

MARC

LEADER 00000nam a2200000 i 4500
001 1/37255
008 061109s2002 eng d
020 |a 0-8176-4224-2 
035 |l 10086041 
040 |a GR-MY-UA  |b gre  |e aacr 
041 0 |a eng 
082 0 |a  629.8  |2 (22) 
100 1 |a Savkin, Andrey V. 
245 1 0 |a Hybrid dynamical systems :  |b controller and sensor switching problems /  |c Andrey V. Savkin, Robin J. Evans 
260 |a Boston :   |b Birkhauser,   |c c2002 
300 |a x, 153 σ.;  |b εικ.;  |c 24 εκ. 
490 1 |a Control engineering 
500 |a Με 22 σχήματα 
504 |a Βιβλιογραφία: (σ. [137]-150) και ευρετήριο 
650 0 0 |a Real-time control. 
650 0 0 |a Digital control systems. 
650 0 0 |a Switching theory. 
700 1 |a Evans, Robin J. 
830 0 |a Control engineering (Birkhauser) 
852 |a INST  |b SYROS  |e 20061109  |h 629.8 SAV  |p 005500007482  |q 005500007482  |t BK  |y 0 
901 |a BIBL5-2007-1 
909 |a Ε  |b 129849 
922 |a 5ΕΛΗ  |b 200610  |c ΒΙΒΛΙΟΘΗΚΗ ΣΥΡΟΥ  |d GLORY BOOK 
950 |a 188-2006-10-10 
970 |a ΚΟΝΤΟΥ  |b ΠΑΡΑΣΚΕΥΗ  |z 2007/04/17